| 000 | 01474nam a2200373Ia 4500 | ||
|---|---|---|---|
| 001 | ebr10135619 | ||
| 003 | CaPaEBR | ||
| 006 | m u | ||
| 007 | cr cn||||||||| | ||
| 008 | 031010s2004 nyu sb 001 0 eng d | ||
| 010 | _z 2003065828 | ||
| 015 |
_aGBA466808 _2bnb |
||
| 020 | _z1403981450 | ||
| 020 | _z1403965641 (cl.) | ||
| 020 | _z140396565X (pbk.) | ||
| 040 |
_aCaPaEBR _cCaPaEBR |
||
| 035 | _a(OCoLC)560467011 | ||
| 050 | 1 | 4 |
_aJC571 _b.F88 2004eb |
| 082 | 0 | 4 |
_a323 _222 |
| 245 | 0 | 4 |
_aThe future of liberal democracy _h[electronic resource] : _bThomas Jefferson and the contemporary world / _cedited by Robert Fatton, Jr. and R.K. Ramazani. |
| 250 | _a1st ed. | ||
| 260 |
_aNew York : _bPalgrave Macmillan, _c2004. |
||
| 300 | _axi, 288 p. | ||
| 504 | _aIncludes bibliographical references and index. | ||
| 533 |
_aElectronic reproduction. _bPalo Alto, Calif. : _cebrary, _d2009. _nAvailable via World Wide Web. _nAccess may be limited to ebrary affiliated libraries. |
||
| 600 | 1 | 0 |
_aJefferson, Thomas, _d1743-1826 _xPolitical and social views _vCongresses. |
| 650 | 0 |
_aHuman rights _vCase studies _vCongresses. |
|
| 650 | 0 |
_aDemocracy _vCase studies _vCongresses. |
|
| 655 | 7 |
_aElectronic books. _2local |
|
| 700 | 1 |
_aRamazani, Rouhollah K., _d1928- |
|
| 700 | 1 | _aFatton, Robert. | |
| 710 | 2 | _aebrary, Inc. | |
| 856 | 4 | 0 |
_uhttp://site.ebrary.com/lib/rucke/Doc?id=10135619 _zAn electronic book accessible through the World Wide Web; click to view |
| 999 |
_c87537 _d87537 |
||